Catálogo
 En Linea

Epidemiología y gestión sanitaria : (Registro nro. 639)

Detalles MARC
000 -CABECERA
campo de control de longitud fija 02404nam a2200325 a 4500
001 - NÚMERO DE CONTROL
campo de control 000000642
003 - IDENTIFICADOR DEL NÚMERO DE CONTROL
campo de control DO-SdBNP
005 - FECHA Y HORA DE LA ÚLTIMA TRANSACCIÓN
campo de control 20260212124324.0
008 - DATOS DE LONGITUD FIJA--INFORMACIÓN GENERAL
campo de control de longitud fija 090331s2008 dr a r 000 0 spa d
020 ## - NÚMERO INTERNACIONAL ESTÁNDAR DEL LIBRO
Número Internacional Estándar del Libro 9789945162028
020 ## - NÚMERO INTERNACIONAL ESTÁNDAR DEL LIBRO
Número Internacional Estándar del Libro 9945162020
040 ## - FUENTE DE LA CATALOGACIÓN
Centro catalogador/agencia de origen DO-SdBNP
Lengua de catalogación spa
Centro/agencia transcriptor BNPHU
082 ## - NÚMERO DE LA CLASIFICACIÓN DECIMAL DEWEY
Número de clasificación 614.4
Número de documento/Ítem G633e
100 1# - ENTRADA PRINCIPAL--NOMBRE DE PERSONA
Nombre de persona Gómez Montero, Franklin J.
9 (RLIN) 2149
245 10 - MENCIÓN DE TÍTULO
Título Epidemiología y gestión sanitaria :
Resto del título manual teórico práctico, un instrumento para la prevención y el control de enfermedades transmisibles, no transmisibles y otros eventos /
Mención de responsabilidad, etc. Franklin J. Gómez Montero; colaborador principal Manuel E., Colomé Hidalgo.
260 ## - PUBLICACIÓN, DISTRIBUCIÓN, ETC.
Lugar de publicación, distribución, etc. Santo Domingo :
Nombre del editor, distribuidor, etc. Búho,
Fecha de publicación, distribución, etc. 2008.
300 ## - DESCRIPCIÓN FÍSICA
Extensión 256 p. :
Otras características físicas il. ;
Dimensiones 23 cm.
500 ## - NOTA GENERAL
Nota general Incluye datos biográficos del autor en la solapa de la cubierta.
500 ## - NOTA GENERAL
Nota general Incluye referencias bibliográficas y notas al pie de las páginas
505 2# - NOTA DE CONTENIDO CON FORMATO
Título Presentación --
-- Introducción --
-- Descripción del proceso --
-- Metodología --
-- Evaluación --
-- Normas generales para el desarrollo de las prácticas --
-- Objetivos generales --
-- Salud Pública, funciones esenciales, sistemas y servicios de salud --
-- La reforma del sector salud en RD. El sistema nacional de salud --x
-- La reforma del sector salud en RD. El sistema dominicano de seguridad social --
-- Asis y estrategias de prevención y control de enfermedades en la población --
-- Enfoque de riesgo, su aplicación en la atención en salud --
-- Epidemiología ambiental y laboral --
-- Epidemiología de las enfermedades transmisibles y no transmisibles --
-- Seroepidemiología y estudios de screening --
-- Sistema de información, vigilancia epidemiológica y control de enfermedades --
-- Prevención y control de las infecciones hospitalarias --
-- Epidemiología en la gestión y administración de los servicios de salud --
-- Programas de servicios de prevención y control en la República Dominicana --
-- Glosario de términos en epidemiología y gestión sanitaria.
590 ## - NOTA LOCAL (RLIN)
Nota local Inventariado, 2018/LP
650 #0 - PUNTO DE ACCESO ADICIONAL DE MATERIA--TÉRMINO DE MATERIA
Término de materia o nombre geográfico como elemento de entrada Epidemiología
9 (RLIN) 488
650 #4 - PUNTO DE ACCESO ADICIONAL DE MATERIA--TÉRMINO DE MATERIA
Término de materia o nombre geográfico como elemento de entrada Enfermedades transmisibles
Subdivisión general Prevención
9 (RLIN) 2150
650 #4 - PUNTO DE ACCESO ADICIONAL DE MATERIA--TÉRMINO DE MATERIA
Término de materia o nombre geográfico como elemento de entrada Salud pública
Subdivisión geográfica República Dominicana
9 (RLIN) 2078
650 #4 - PUNTO DE ACCESO ADICIONAL DE MATERIA--TÉRMINO DE MATERIA
Término de materia o nombre geográfico como elemento de entrada Seguridad social
Subdivisión geográfica República Dominicana
9 (RLIN) 2151
650 #0 - PUNTO DE ACCESO ADICIONAL DE MATERIA--TÉRMINO DE MATERIA
Término de materia o nombre geográfico como elemento de entrada Política sanitaria
Subdivisión geográfica República Dominicana
9 (RLIN) 1344
700 1# - PUNTO DE ACCESO ADICIONAL--NOMBRE DE PERSONA
Nombre de persona Colomé Hidalgo, Manuel E.
9 (RLIN) 2153
910 ## - DATOS DE OPCIÓN DEL USUARIO (OCLC)
Datos de opción del usuario Validado. Control de calidad MFF
942 ## - ELEMENTOS DE PUNTO DE ACCESO ADICIONAL (KOHA)
Fuente del sistema de clasificación o colocación Dewey Decimal Classification
Tipo de ítem Koha Libro
Existencias
Estado de retiro Estado de pérdida Restricciones de uso No para préstamo Código de colección Localización permanente Ubicación/localización actual Ubicación en estantería Fecha de adquisición Número de inventario Total de préstamos Signatura topográfica completa Código de barras Fecha visto por última vez Número de copia Precio válido a partir de Tipo de ítem Koha
    Préstamo en sala   Dominicana de Servicio Biblioteca Nacional Pedro Henríquez Ureña Biblioteca Nacional Pedro Henríquez Ureña Depósito 15.07.2009 LF1   614.4 G633e 642-30 25.06.2020 e. 3 25.06.2020 Libros y folletos
    Préstamo en sala   Dominicana de Servicio Biblioteca Nacional Pedro Henríquez Ureña Biblioteca Nacional Pedro Henríquez Ureña Depósito 23.05.2011 LF1   614.4 G633e 642-40 25.06.2020 e. 4 25.06.2020 Libros y folletos
    Préstamo en sala   Dominicana de Servicio Biblioteca Nacional Pedro Henríquez Ureña Biblioteca Nacional Pedro Henríquez Ureña Depósito 23.05.2011 LF1   614.4 G633e 642-50 25.06.2020 e. 5 25.06.2020 Libros y folletos
      Préstamo restrigido Patrimonio Dominicano Biblioteca Nacional Pedro Henríquez Ureña Biblioteca Nacional Pedro Henríquez Ureña Orden iniciada 18.04.2013 LF1   614.4 G633e 642-60 25.06.2020   25.06.2020 Libros y folletos
      Préstamo restrigido Patrimonio Dominicano Biblioteca Nacional Pedro Henríquez Ureña Biblioteca Nacional Pedro Henríquez Ureña Depósito 15.07.2009 LF1   614.4 G633e 642-10 25.06.2020   25.06.2020 Libros y folletos
      Préstamo restrigido Patrimonio Dominicano Biblioteca Nacional Pedro Henríquez Ureña Biblioteca Nacional Pedro Henríquez Ureña Depósito 15.07.2009 LF1   614.4 G633e 642-20 25.06.2020 e. 2 25.06.2020 Libros y folletos

Con tecnología Koha